In vain I tried to tell you : essays in native American ethnopoetics
Αποθηκεύτηκε σε:
| Κύριος συγγραφέας: | |
|---|---|
| Μορφή: | Βιβλίο |
| Γλώσσα: | English |
| Δημοσίευση: |
Philadelphia :
University of Pennsylvania Press,
1981
|
| Σειρά: | Studies in Native American literature ;
; 1 |
| Θέματα: | |
| Ετικέτες: |
Προσθήκη ετικέτας
Δεν υπάρχουν, Καταχωρήστε ετικέτα πρώτοι!
|
MARC
| LEADER | 00000cam a2200000 i 4500 | ||
|---|---|---|---|
| 001 | 1/60787 | ||
| 008 | 930907s eng d | ||
| 020 | |a 0-8122-1117-0 | ||
| 035 | |a ΛΕΣΒΟΣb10000743 |l 10000743 | ||
| 040 | |a GR-MY-UA |b gre |e aacr | ||
| 041 | 0 | |a eng | |
| 082 | 0 | |a 897 | |
| 100 | 1 | |a Hymes, Dell H. | |
| 245 | 1 | 0 | |a In vain I tried to tell you : |b essays in native American ethnopoetics / |c Dell Hymes |
| 260 | |a Philadelphia : |b University of Pennsylvania Press, |c 1981 | ||
| 300 | |a 384 p. | ||
| 490 | 1 | |a Studies in Native American literature |v ; 1 | |
| 504 | |a Includes bibliographical references and index | ||
| 650 | 0 | 0 | |a Indians of North America |z Northwest, Pacific |x Poetry |x History and criticism. |
| 650 | 0 | 0 | |a Indians of North America |z Northwest, Pacific |x Folklore. |
| 830 | 0 | |a Studies in Native American literature ; |v ; 1 | |
| 852 | |a INST |b LESVOS |e 19930907 |h 897 ΗΥΜ |p 005100005118 |q 005100005118 |t BK |y 0 | ||
| 909 | |a Λ |b 012356 | ||